00824nab a2200217uuc4500001000800000005001700008008004100025035001200066035002100078040001300099041000800112100003600120245009400156650002200250650001300272650002900285700003800314700003800352700004100390773017500431109270720240202085603.0080723e20070801 spa  a1092707 a(OCoLC)820433177 ccomduadb aspa10aLlorens Mira, Beatriz4auteaut10aCreimos en la lactancia materna : Una aproximacion de la experiencia en tres generaciones aLactancia materna aNodrizas aGeneraciones alternantes10aFerrer Hernandez, Elena4auteaut10aMorales Camacho, Vanesa4auteaut10aAlenda Botella, Ana Alenda4auteaut0 tIndex de Enfermería : Información Bibliográfica, Investigación y Humanidades (Granada)gVolumen 16, Número 58, Otoño 2007, p. 34-38w389985x1132-12960110557